000
003070000a22001450004500
003
MACL
040
_a
MACL
090
_c
6155
_d
6154
100
_a
Kumari Brahmachrini
245
_a
Svakriya Svarasamrita
260
_b
Brahmacharini Kumari Chandan
350
_a
35
650
_a
Religion
942
_c
BOOK
_k
294
999
_c
6107
_d
6107